Actuacin̤ preventiva en materia de cesin̤ ilegal de trabajadores

Detalles Bibliográficos
Formato: eBook
Lenguaje:español
Publicado: Madrid : Instituto Nacional de Administracin̤ Pb︢lica (INAP), 2014
Materias:
Acceso en línea:Acceso restringido

MARC

LEADER 00000nam a22000007a 4500
005 20150323170415.0
007 cr|||| ||||
008 150323s2014 sp |||||s|||| 00||0 spa d
020 |a 978-84-7351-436-1 
035 |a 12621 
040 |a vLex 
090 |c 5370  |d 5370 
245 0 0 |a Actuacin̤ preventiva en materia de cesin̤ ilegal de trabajadores  |h [Recurso electrn̤ico]  
256 |a Servicio en ln̕ea 
260 |a Madrid :  |b Instituto Nacional de Administracin̤ Pb︢lica (INAP),  |c 2014 
300 |a 1 recurso electrn̤ico 
506 1 |a Contenido disponible en los productos indicados  |d vLex Global  |d vLex Global (Academic Edition, excluding Law Schools)  |d vLex Global (U.S. Academic Edition, Law Schools)  |d vLex Global (U.S. Academic Edition, excluding Law Schools)  |d vLex Global (Academic Edition, Law Schools) 
650 0 4 |a Contratos de trabajo  |z Espaą 
650 0 4 |a Derecho laboral  |z Espaą 
740 0 |a vLex Libros (Servicio en ln̕ea) 
856 4 0 |u http://vlex.com/source/actuacion-preventiva-materia-cesion-ilegal-trabajadores-12621  |z Acceso restringido 
942 |c BOOK 
999 0 |a Labor contract 
999 0 |a Labor laws and legislation